00522nam a2200157 i 4500001000300000100001200003245008900015260002100104040000800125041000800133942000700141008004100148999001500189856009700204952006300301bg1 aLIS, S. 0aOrganizacja i ekonomika procesów produkcyjnych w przemyśle maszynowym /cS. Lis. aWarszawa,c1984. cBPK apol cKS s pl f |000 0 pol  c1232d1232 uhttp://koha.tu.koszalin.pl/cgi-bin/koha/opac-detail.pl?biblionumber=1232yKatalog online BPK 00104070aBPKbBPKcwoP 22889p01885804q2026-08-08yKS